Central Library OPAC University of Rajshahi

ক্যাপ্টেনের মেয়ে / (Record no. 39882)

MARC details
000 -LEADER
fixed length control field 00787nam a2200217 a 4500
001 - CONTROL NUMBER
control field 39882
003 - CONTROL NUMBER IDENTIFIER
rucl marc code BD-RjUL
005 - DATE AND TIME OF LATEST TRANSACTION
control field 20211209053059.0
008 - FIXED-LENGTH DATA ELEMENTS--GENERAL INFORMATION
fixed length control field 160419b ru a|||| |||| 00| f ben d
035 ## - SYSTEM CONTROL NUMBER
System control number (BD-RjUL)
040 ## - CATALOGING SOURCE
Original cataloging agency BD-RjUL39996
Language of cataloging ben
Transcribing agency BD-RjUL
041 ## - LANGUAGE CODE
Language code of text/sound track or separate title ben
082 ## - DEWEY DECIMAL CLASSIFICATION NUMBER
Edition number 23
Classification number 891.73
Author mark and year PUK
100 ## - MAIN ENTRY--PERSONAL NAME
Personal name পুশকিন, আ. স.
9 (RLIN) 122865
245 10 - TITLE STATEMENT
Title ক্যাপ্টেনের মেয়ে /
Statement of responsibility, etc. আ. স. পুশকিন
260 ## - PUBLICATION, DISTRIBUTION, ETC. (IMPRINT)
Place of publication, distribution, etc. মস্কো :
Name of publisher, distributor, etc. বিদেশী ভাষায় সাহিত্য প্রকাশালয়
300 ## - PHYSICAL DESCRIPTION
Pagination ২০৭ পৃ. :
Illustrations চিত্র ;
Size ২০ সেমি.
650 ## - SUBJECT ADDED ENTRY--TOPICAL TERM
Topical term or geographic name as entry element রাশিয়ান উপন্যাস
9 (RLIN) 122082
Topical term or geographic name as entry element Russian Fiction
9 (RLIN) 122083
942 ## - ADDED ENTRY ELEMENTS (KOHA)
Source of classification or shelving scheme Dewey Decimal Classification
Koha item type Books
Holdings
Lost status Source of classification or shelving scheme Damaged status Not for loan Collection code Permanent Location Current Location Shelving location Date acquired Cost, normal purchase price Total Checkouts Full call number Date last seen Copy number Koha item type Source of acquisition
  Dewey Decimal Classification     Fiction Central Library, University of Rajshahi Central Library, University of Rajshahi   08/02/1967 1.50   B 891.73 PUK 19/04/2016 C-2 Books  
  Dewey Decimal Classification     Fiction Central Library, University of Rajshahi Central Library, University of Rajshahi   08/02/1967 1.50   B 891.73 PUK 24/09/2016 C-3 Books Nawroge